Опыт разработки мерзлого грунта экскаваторами с использованием баровых машин; Исследование технологии открытых горных работ, землерезных машин и электромагнитных ударных узлов

Библиографические подробности
Источник:Исследование технологии открытых горных работ, землерезных машин и электромагнитных ударных узлов.— 1966.— С. 98-103
Главный автор: Басов И. Г.
Другие авторы: Зелингер Ф. Ф.
Язык:русский
Опубликовано: 1966
Предметы:
Формат: Статья
Запись в KOHA:https://koha.lib.tpu.ru/cgi-bin/koha/opac-detail.pl?biblionumber=176183

MARC

LEADER 00000naa2a2200000 4500
001 176183
005 20231031165231.0
035 |a (RuTPU)RU\TPU\book\191009 
035 |a RU\TPU\tpu\3482 
090 |a 176183 
100 |a 20100224d1966 k y0rusy50 ca 
101 0 |a rus 
102 |a RU 
200 1 |a Опыт разработки мерзлого грунта экскаваторами с использованием баровых машин  |f И. Г. Басов, Ф. Ф. Зелингер 
463 0 |0 (RuTPU)RU\TPU\book\190283  |t Исследование технологии открытых горных работ, землерезных машин и электромагнитных ударных узлов  |o сборник статей  |f Академия наук СССР (АН СССР), Сибирское отделение (СО), Институт горного дела (ИГД); под ред. Н. А. Чинакала  |v С. 98-103  |d 1966  |p 159 с. 
610 1 |a строительное дело 
610 1 |a труды учёных ТПУ 
700 1 |a Басов  |b И. Г. 
701 1 |a Зелингер  |b Ф. Ф. 
801 0 |a RU  |b 63413507  |c 20011210  |g PSBO 
801 2 |a RU  |b 63413507  |c 20100224  |g PSBO 
942 |c BK